000 00534nam a2200193Ia 4500
005 20250508160731.0
008 008 250505s9999 xx 000 0 eng d
037 _aTextual
040 _aFEDL
_beng
_cFEDL
041 _aeng
_2eng
084 _a370, WAL
_qFEDL
100 _aWalton John
245 0 _aIntroduction to education : A substantive discipline
260 _aWaltham
_bXerox College Publishing
_c1971
300 _axi,159p
650 _aEducation
942 _cTEXL
_h370, WAL
999 _c1366304
_d1366304